000 00329nam a22001217a 4500
999 _c4565
_d4565
008 250228b ||||| |||| 00| 0 eng d
020 _a9781406359091
082 _a823.914 BRO
100 _aBROWNE, EILEEN
_eAUTHOR
245 _aHANDA'S SURPRISE
260 _a87 VAUXHALL WALK,LOMDON SE11 5HJ
_bWALKER BOOKS LTD
_c2014
942 _2ddc